[Event "28th European Club Cup"]
[Site "Eilat ISR"]
[Date "2012.10.17"]
[Round "7.16"]
[White "Byklum, Bjornar"]
[Black "Vuilleumier, Alexandre"]
[Result "1-0"]
[WhiteTitle "FM"]
[BlackTitle "IM"]
[WhiteElo "2298"]
[BlackElo "2326"]
[WhiteTeam "Soss"]
[BlackTeam "Club d'Echecs Genève"]
[WhiteFideId "1502123"]
[BlackFideId "1305662"]
[EventDate "2012.10.11"]
[EventType "team-swiss"]

1. d4 Nf6 2. c4 e6 3. Nc3 Bb4 4. e3 O-O 5. Bd3 d5 6. Nf3 c5 7. O-O Nc6 8. a3
Bxc3 9. bxc3 dxc4 10. Bxc4 Qc7 11. Bb2 e5 12. h3 b6 13. Qe2 Bb7 14. Rac1 h6 15.
Ba2 Rfe8 16. Rfd1 Rad8 17. a4 Qb8 18. d5 Na5 19. c4 Ba6 20. e4 Nb7 21. Bb1 Nd7
22. Nd2 Nd6 23. Rc3 Nf8 24. h4 Bc8 25. Re3 Bd7 26. Bc2 Qc8 27. g3 f6 28. Kh2 a6
29. Rf1 b5 30. axb5 axb5 31. Bd3 b4 32. f4 Bh3 33. Ra1 Bg4 34. Qf2 Qc7 35. Ree1
Ng6 36. f5 Ne7 37. Nb3 Nb7 38. Bc1 Ra8 39. Be3 Ra3 40. Rxa3 bxa3 41. Ra1 Ra8 42.
Nxc5 Nc8 43. Nxb7 Qxb7 44. c5 Qb3 45. Qc2 Rb8 46. d6 Nxd6 47. cxd6 Qxc2+ 48.
Bxc2 Rb2 49. d7 1-0

[Event "28th European Club Cup"]
[Site "Eilat ISR"]
[Date "2012.10.17"]
[Round "7.16"]
[White "Gerber, Richard"]
[Black "Harestad, Hans Krogh"]
[Result "1/2-1/2"]
[WhiteTitle "IM"]
[WhiteElo "2421"]
[BlackElo "2265"]
[WhiteTeam "Club d'Echecs Genève"]
[BlackTeam "Soss"]
[WhiteFideId "1300652"]
[BlackFideId "1501640"]
[EventDate "2012.10.11"]
[EventType "team-swiss"]

1. d4 d5 2. c4 c6 3. Nc3 dxc4 4. e4 b5 5. a4 b4 6. Na2 e6 7. Bxc4 Nf6 8. e5 Nd5
9. Nf3 Ba6 10. Bxa6 Nxa6 11. Bg5 Qb6 12. Nc1 h6 13. Bd2 c5 14. Qe2 Be7 15. Nb3
O-O 16. dxc5 Nxc5 17. Nxc5 Bxc5 18. O-O Rfc8 19. Rac1 Rc7 20. Rc4 Qa6 21. b3 Nb6
22. Qe4 Rac8 23. Rcc1 Qb7 24. Qg4 Kh8 25. Bxb4 Bxf2+ 26. Kxf2 Rxc1 27. Rxc1 Rxc1
28. Bf8 Rc2+ 29. Ke1 g6 30. Bxh6 Nd5 31. Bd2 Kg8 32. Nd4 Rc8 33. h4 Nc3 34. h5
Qe4+ 35. Qxe4 Nxe4 36. hxg6 Nxd2 37. Kxd2 Rc5 38. gxf7+ Kxf7 39. Nf3 Rc8 40.
Ng5+ Ke7 41. Ne4 Rd8+ 42. Nd6 Kd7 43. Ke3 Rg8 44. Kf3 Kc6 45. g4 Kd5 46. Nc4 Rb8
47. Na5 Rf8+ 48. Ke3 a6 49. Nc4 Rb8 50. Kf4 Rxb3 51. Ne3+ Kd4 52. Nc2+ Kd3 53.
Ne1+ Ke2 54. Ng2 Rb4+ 55. Kg5 Rxa4 56. Nf4+ Kf3 57. Nxe6 Rxg4+ 58. Kf5 Rc4 59.
Ng5+ Ke3 60. e6 Rc8 61. e7 Re8 62. Kf6 a5 63. Nf7 Kd4 64. Nd6 Rb8 65. Nb7 Re8
66. Nxa5 Rxe7 67. Kxe7 1/2-1/2

[Event "28th European Club Cup"]
[Site "Eilat ISR"]
[Date "2012.10.17"]
[Round "7.16"]
[White "Stenersen, Gudmund"]
[Black "Duport, Nicolas"]
[Result "0-1"]
[WhiteElo "2226"]
[BlackElo "2199"]
[WhiteTeam "Soss"]
[BlackTeam "Club d'Echecs Genève"]
[WhiteFideId "1502581"]
[BlackFideId "1314424"]
[EventDate "2012.10.11"]
[EventType "team-swiss"]

1. e4 c5 2. Nf3 Nc6 3. d4 cxd4 4. Nxd4 Qc7 5. Nc3 e6 6. Be3 a6 7. Be2 Nf6 8. O-O
Be7 9. Qd2 O-O 10. f4 d6 11. a4 Bd7 12. Nb3 b6 13. g4 Bc8 14. g5 Nd7 15. h4 Re8
16. h5 Bf8 17. Rad1 Bb7 18. Rf3 Nb4 19. Rg3 g6 20. Bf2 Rad8 21. hxg6 hxg6 22.
Bd3 Bg7 23. Ne2 Nxd3 24. cxd3 e5 25. Rc1 Nc5 26. Qc2 d5 27. Nxc5 bxc5 28. f5 Qd7
29. f6 Bf8 30. Nc3 c4 31. Nxd5 Bxd5 32. exd5 cxd3 33. Qxd3 e4 34. Qe2 Bd6 35.
Rg4 e3 36. Be1 Qf5 37. Rd1 Rc8 38. Bc3 Rc5 39. Rf1 Qxd5 40. Rd1 Qe6 41. Rg2 Bf4
42. Rd4 Bxg5 43. Rdg4 Rxc3 44. bxc3 Bxf6 45. Rc4 Rb8 46. Qa2 Qf5 47. Rb4 Rc8 48.
Rc4 Rd8 49. Qc2 Qf3 50. Rxg6+ fxg6 51. Qxg6+ Bg7 52. Qe6+ Kf8 53. Rc8 Rxc8 54.
Qxc8+ Kf7 55. Qc4+ Kg6 56. Qxa6+ Bf6 57. Qd3+ Kh6 58. Qd6 Qf2+ 59. Kh1 Qe1+ 0-1

[Event "28th European Club Cup"]
[Site "Eilat ISR"]
[Date "2012.10.17"]
[Round "7.16"]
[White "Preissmann, Emmanuel"]
[Black "Sodtholt, Dag"]
[Result "1-0"]
[WhiteTitle "FM"]
[WhiteElo "2222"]
[BlackElo "1954"]
[WhiteTeam "Club d'Echecs Genève"]
[BlackTeam "Soss"]
[WhiteFideId "1300342"]
[BlackFideId "1501488"]
[EventDate "2012.10.11"]
[EventType "team-swiss"]

1. e4 c5 2. Nf3 d6 3. c3 Nf6 4. h3 Nc6 5. Bd3 g6 6. O-O Bg7 7. Bc2 O-O 8. d4
cxd4 9. cxd4 d5 10. e5 Ne4 11. Nc3 Nxc3 12. bxc3 Na5 13. Nh2 Qc7 14. Qe1 f6 15.
f4 fxe5 16. fxe5 Rxf1+ 17. Nxf1 Be6 18. Qg3 Rc8 19. Bd2 Nc4 20. Be1 Qb6 21. Rb1
Qa6 22. Bd3 Bf5 23. Bxf5 gxf5 24. Qg5 Na3 25. Rb2 Nc4 26. Rf2 e6 27. Ng3 Qb6 28.
Nh5 Qc7 29. Rf3 Kh8 30. Rg3 Rg8 31. Nf4 Qf7 32. Qh4 Bf8 33. Qd8 Bh6 34. Rxg8+
Qxg8 35. Nxe6 Qxd8 36. Nxd8 b5 37. Nc6 Be3+ 38. Kf1 Nb6 39. Ke2 Bg1 40. Nxa7 b4
41. Nc6 bxc3 42. Kd3 Kg7 43. Bxc3 Kf7 44. Nd8+ Ke7 45. Nb7 Kd7 46. Nc5+ Kc6 47.
Ne6 Nc8 48. Ng7 Ne7 49. Bd2 Bh2 50. Bg5 1-0

[Event "28th European Club Cup"]
[Site "Eilat ISR"]
[Date "2012.10.17"]
[Round "7.16"]
[White "Rost, Bjorn"]
[Black "Kovacevic, Vladimir"]
[Result "0-1"]
[WhiteElo "1974"]
[BlackElo "2210"]
[WhiteTeam "Soss"]
[BlackTeam "Club d'Echecs Genève"]
[WhiteFideId "1506684"]
[BlackFideId "906662"]
[EventDate "2012.10.11"]
[EventType "team-swiss"]

1. e4 e6 2. d4 d5 3. Nc3 Bb4 4. e5 c5 5. a3 Bxc3+ 6. bxc3 Ne7 7. Nf3 b6 8. Bg5
h6 9. Be3 Qc7 10. Qd2 Ba6 11. Bd3 Bxd3 12. cxd3 Nd7 13. O-O Rc8 14. Rac1 c4 15.
Ne1 b5 16. f4 Nb6 17. g4 h5 18. h3 hxg4 19. hxg4 Rh4 20. Qg2 Kd7 21. f5 Rch8 22.
fxe6+ fxe6 23. Rf7 Rh1+ 24. Qxh1 Rxh1+ 25. Kxh1 Qd8 26. Bg5 Nc8 27. dxc4 Qg8 28.
Rf1 dxc4 29. Kg2 Qh7 30. Nf3 Qg6 31. Rh1 Nb6 32. Kg3 Nbd5 33. Rhe1 Nc6 34. Re2
Na5 35. Rcc2 Nb3 36. Rh2 Qd3 37. Rhe2 Nxc3 38. Rxc3 0-1

[Event "28th European Club Cup"]
[Site "Eilat ISR"]
[Date "2012.10.17"]
[Round "7.17"]
[White "Sammalvuo, Tapani"]
[Black "Nelis, Jean-Francois"]
[Result "1-0"]
[WhiteTitle "IM"]
[WhiteElo "2466"]
[BlackElo "2212"]
[WhiteTeam "Shakkivelhot"]
[BlackTeam "C.E. de Monte Carlo"]
[WhiteFideId "501115"]
[BlackFideId "623830"]
[EventDate "2012.10.11"]
[EventType "team-swiss"]

1. c4 b6 2. d4 e6 3. e4 Bb7 4. Bd3 f5 5. exf5 Bb4+ 6. Kf1 Nf6 7. a3 Be7 8. Nc3
O-O 9. d5 Kh8 10. Nh3 exd5 11. cxd5 Na6 12. b4 Bd6 13. Qe2 Re8 14. Ng5 Kg8 15.
Be3 Be5 16. Bxa6 Bxa6 17. Qxa6 Bxc3 18. Qc4 b5 19. Qxc3 Nxd5 20. Qb3 c6 21. Rd1
Re5 22. g4 Qf6 23. Bd4 Qxg5 24. Bxe5 Re8 25. f4 Qxg4 26. Rxd5 cxd5 27. Rg1 1-0

[Event "28th European Club Cup"]
[Site "Eilat ISR"]
[Date "2012.10.17"]
[Round "7.17"]
[White "Van Hoolandt, Patrick"]
[Black "Nyysti, Sampsa"]
[Result "1/2-1/2"]
[WhiteTitle "FM"]
[BlackTitle "IM"]
[WhiteElo "2191"]
[BlackElo "2343"]
[WhiteTeam "C.E. de Monte Carlo"]
[BlackTeam "Shakkivelhot"]
[WhiteFideId "200999"]
[BlackFideId "502138"]
[EventDate "2012.10.11"]
[EventType "team-swiss"]

1. d4 Nf6 2. c4 e6 3. Nc3 Bb4 4. e3 c5 5. Nf3 d6 6. dxc5 Bxc5 7. Be2 O-O 8. O-O
a6 9. a3 Qc7 10. b4 Ba7 11. Bb2 Nbd7 12. Qd3 b6 13. Ne4 Nxe4 14. Qxe4 Bb7 15.
Qg4 e5 16. Nh4 Nf6 17. Qg5 Ne4 18. Qg4 Nf6 19. Qg5 Ne4 20. Qg4 Nf6 1/2-1/2

[Event "28th European Club Cup"]
[Site "Eilat ISR"]
[Date "2012.10.17"]
[Round "7.17"]
[White "Kosmo, Santul"]
[Black "Ribbegren, Karl Johan"]
[Result "1/2-1/2"]
[WhiteElo "2212"]
[BlackElo "2101"]
[WhiteTeam "Shakkivelhot"]
[BlackTeam "C.E. de Monte Carlo"]
[WhiteFideId "504173"]
[BlackFideId "5400040"]
[EventDate "2012.10.11"]
[EventType "team-swiss"]

1. e4 g6 2. d4 d6 3. Nc3 c6 4. f4 d5 5. e5 h5 6. Nf3 Bg4 7. Be3 Nh6 8. h3 Nf5 9.
Bf2 Bxf3 10. Qxf3 h4 11. Bd3 e6 12. O-O Nd7 13. Ne2 Be7 14. b3 Qa5 15. c4 Ba3
16. Kh2 Rd8 17. Rab1 Be7 18. a4 Bb4 19. cxd5 cxd5 20. Bxf5 gxf5 21. Nc1 Nb8 22.
Nd3 Nc6 23. Rfc1 Kd7 24. Rc2 Rc8 25. Rbc1 b6 26. Qd1 Ba3 27. Be1 Qa6 28. Ra1 Be7
29. Bf2 Na5 30. Rac1 Rxc2 31. Qxc2 Rc8 32. Qd1 Rxc1 33. Nxc1 b5 34. Qe2 Qc6 35.
Qxb5 Qxb5 36. axb5 Kc7 37. g3 hxg3+ 38. Bxg3 Ba3 39. Be1 Kb6 40. Bxa5+ Kxa5 41.
Nd3 Bf8 42. Kg3 Be7 43. h4 Kxb5 44. h5 Bf8 45. Kf3 a5 46. Ke3 Bh6 47. Kd2 a4 48.
bxa4+ Kxa4 49. Ke3 Kb5 50. Ne1 Kc6 51. Nf3 Kd7 52. Ng5 Ke7 53. Nh7 Bg7 54. Kd3
Bh6 55. Ke3 Bg7 56. Kd3 Bh6 57. Ke3 1/2-1/2

[Event "28th European Club Cup"]
[Site "Eilat ISR"]
[Date "2012.10.17"]
[Round "7.17"]
[White "Farleigh, Richard"]
[Black "Verkasalo, Tommi"]
[Result "1-0"]
[WhiteElo "2184"]
[BlackElo "2185"]
[WhiteTeam "C.E. de Monte Carlo"]
[BlackTeam "Shakkivelhot"]
[WhiteFideId "5400112"]
[BlackFideId "503070"]
[EventDate "2012.10.11"]
[EventType "team-swiss"]

1. d4 c5 2. d5 d6 3. e4 Nf6 4. Nc3 g6 5. Nf3 Bg7 6. Bb5+ Bd7 7. a4 O-O 8. O-O
Na6 9. Re1 Bg4 10. Be2 Nb4 11. h3 Bd7 12. Bf1 e6 13. dxe6 Bxe6 14. Bg5 h6 15.
Bh4 g5 16. Bg3 d5 17. exd5 Nfxd5 18. Nxd5 Qxd5 19. c3 Nc6 20. Qxd5 Bxd5 21. Bd6
Rfd8 22. Bxc5 Bxf3 23. gxf3 Ne5 24. Re3 Rd2 25. Rae1 f6 26. R1e2 Rd1 27. Re1 Rd2
28. R1e2 Rd1 29. Kg2 Ng6 30. Re1 Rd2 31. Re8+ Rxe8 32. Rxe8+ Kf7 33. Rc8 Nh4+
34. Kg3 Kg6 35. f4 Rd1 36. Be2 Rg1+ 37. Kh2 Rg2+ 38. Kh1 gxf4 39. Bxa7 Rg5 40.
Rc5 f5 41. Rb5 f3 42. Bf1 Kh5 43. Be3 Rg6 44. Bc4 Rd6 45. Bf7+ Ng6 46. Rxf5+ Kh4
47. Bxg6 Rxg6 48. Rxf3 Be5 49. Bd4 Bb8 50. Bf6+ Kh5 51. Rf5+ 1-0